Milk and milk products / (Record no. 15372)

MARC details
000 -LEADER
fixed length control field 01032nam a2200265 a 4500
001 - CONTROL NUMBER
control field ENG-90955
005 - DATE AND TIME OF LATEST TRANSACTION
control field 20070430071315.0
008 - FIXED-LENGTH DATA ELEMENTS--GENERAL INFORMATION
fixed length control field 080908t xxu||||| |||| 00| 0 eng d
010 ## - LIBRARY OF CONGRESS CONTROL NUMBER
LC control number ENG-90953
020 ## - INTERNATIONAL STANDARD BOOK NUMBER
International Standard Book Number 9788131304105
Terms of availability 495.00
035 ## - SYSTEM CONTROL NUMBER
System control number EN-74486
037 ## - SOURCE OF ACQUISITION
Source of stock number/acquisition DBAD / PUB
040 ## - CATALOGING SOURCE
Original cataloging agency DPL
Language of cataloging English
082 ## - DEWEY DECIMAL CLASSIFICATION NUMBER
Classification number 641.37
100 ## - MAIN ENTRY--PERSONAL NAME
Personal name Mahindru, S.N.
245 ## - TITLE STATEMENT
Title Milk and milk products /
Statement of responsibility, etc by S. N. Mahindru
260 ## - PUBLICATION, DISTRIBUTION, ETC. (IMPRINT)
Place of publication, distribution, etc New Delhi
Name of publisher, distributor, etc APH Publishing Corporation
Date of publication, distribution, etc 2009
270 ## - ADDRESS
Address 4435-36/7, Ansari Road, Darya Ganj,
City New Delhi
Postal code 110002
300 ## - PHYSICAL DESCRIPTION
Extent x, 194 p.
Dimensions 23 cm (Hb)
520 ## - SUMMARY, ETC.
Summary, etc Collection of papers on recent advances in the concept of forestry and improvement of the quality of human life through forestry related activities in India.
650 ## - SUBJECT ADDED ENTRY--TOPICAL TERM
Topical term or geographic name as entry element Milk
650 ## - SUBJECT ADDED ENTRY--TOPICAL TERM
Topical term or geographic name as entry element Dairy products
942 ## - ADDED ENTRY ELEMENTS (KOHA)
Source of classification or shelving scheme Dewey Decimal Classification
Koha item type English Books
Classification part 641.37
Call number suffix MAH
Holdings
Withdrawn status Lost status Damaged status Not for loan Collection code Home library Current library Date acquired Cost, normal purchase price Total Checkouts Full call number Barcode Date last seen Cost, replacement price Price effective from Koha item type
      Not For Loan Non-fiction D.B.Act.Division D.B.Act.Division 08/09/2008 495.00   641.37 MAH EN-74486 15/09/2008 495.00 15/09/2008 English Books

© Delhi Public Library
Hit Counter
free hit counter